Štruktúra, obsah a formy boja proti terorizmu

Charakteristika terorizmu. Štruktúra terorizmu. Kategória činiteľov, ktoré tvoria podhubie, z ktorého sa môže vyvinúť terorizmus a teroristická skupina, organizácia. Klasifikácia teroristických cieľov. Terorizmus a prostriedky boja proti nemu. Ekonomické, politické, vojenské, ideologické a kultúrne...

Descripción completa

Guardado en:
Detalles Bibliográficos
Autor principal: Klučka, Jozef
Formato: Capítulo de libro
Lenguaje:eslovaco
Materias:
Etiquetas: Agregar Etiqueta
Sin Etiquetas, Sea el primero en etiquetar este registro!

MARC

LEADER 00000naa$a2200000$$$4500
001 0040074
005 20221128095352.8
041 0 |a slo 
044 |a SK 
245 1 0 |a Štruktúra, obsah a formy boja proti terorizmu  |c Jozef Klučka 
520 |a Charakteristika terorizmu. Štruktúra terorizmu. Kategória činiteľov, ktoré tvoria podhubie, z ktorého sa môže vyvinúť terorizmus a teroristická skupina, organizácia. Klasifikácia teroristických cieľov. Terorizmus a prostriedky boja proti nemu. Ekonomické, politické, vojenské, ideologické a kultúrne prostriedky boja proti terorizmu. 
610 2 0 |a terorizmus 
610 2 0 |a ideológia 
610 2 0 |a globalizácia 
610 2 0 |a demografia 
610 2 0 |a spolupráca medzinárodná 
100 1 |a Klučka, Jozef